01091nam a2200289 i 45000010008000000030009000080050017000170080041000340100017000750400028000920410008001200430021001280500017001490820019001661000024001852450100002092600058003093000066003675000020004335040038004536500028004916500031005199060045005509420012005959520177006079990017007842770159BDDh-ASL20231015031646.0791129s1961 xx acf b 001 0 eng  a 79930407  aDLCcDLCdDLCdBDDh-ASL aeng aa-ii---aa-pk---00aHV8247b.R3900a363.20954bRAO1 aRazvi, Nazir Ahmad.10aOur police heritage :bSaga of the police forces of Pakistan and India /cby Nazir Ahmad Razvi. a[s.l. :bs.n.],c1961eLahore :fWAPDA Print. Press,  a204, [20] p., [14] leaves of plates :bill., ports. ;c23 cm. aIncludes index. aBibliography: p. [3-9] (2d group) 0aPolicezIndiaxHistory. 0aPolicezPakistanxHistory. a7bcbccorignewd4encipf19gy-gencatlg 2ddccBK 00102ddc40708NFICaASLbASLcGENd2023-06-25eASB Library Collection > Source-Mahbub Siddiqil0o363.20954 RAOp124749r2023-06-25 00:00:00tC-1w2023-06-25yBKzY-1961 c34252d34252